| 000 | 01880cam a22001934a 4500 | ||
|---|---|---|---|
| 005 | 20250605164357.0 | ||
| 008 | 250528s ||||||||||||||||||||||||d | ||
| 035 | _a24362 | ||
| 040 |
_aGR-AtMCL _bgre _dGR-AtMCL _eAACR2 |
||
| 245 | 1 | _aΨηφιακή Εισβολή στους Ολυμπιακούς Αγώνες / Retail Analytics: Ο Απρόβλεπτος Πελάτης Παραμένει Απρόβλεπτος | |
| 260 | _c2016 | ||
| 300 | _a62 | ||
| 520 | _aΠροβληματικό Παρόν καΙ Επιφυλακτικό Μέλλον, Πόσο Έτοιμοι Είστε για την Εισβολή των Ρομπότ, UnITe στον Ψηφιακό Μετασχηματισμό, Ο Απρόβλεπτος Πελάτης Παραμένει Απρόβλεπτος, Η Αξία Οδηγεί την Τεχνολογία στις ΜμΕ, Ψηφιακή Εισβολή στους Ολυμπιακούς Αγώνες, Η Αλλαγή Ξεκινά από την Συμπεριφορά σας ως Ηγέτη, M-Secutity: Κινούμενος Στόχος και Συχνά Εύκολος, Ψηφιακή Σήμανση: Η Πρόκληση του Εκσυγχρονισμού, Το Ελληνικό IT Μεταναστεύει, Πρέπει να Είναι Ανοιχτά τα Δεδομένα, Το Marketing στην Εποχή του Οιοτικού Ψηφιακού Περιεχομένου, 3+1 Μαθήματα Ηγεσίας από τον Coach, Νέο Επιχειρηματικό Μοντέλο Εφαρμόζει η Cisco στην Ελλάδα, Επιχειρηματικές Ευκαιρίες στη Φροντίδα Κατ'Οίκον, Τα Πώς και Γιατί στο Machine Learning. | ||
| 700 | 1 |
_aΜαρκέτος Παναγιώτης _99453 |
|
| 700 | 1 |
_aΜπούσιας Μιχάλης Κ _99357 |
|
| 942 | _cCR | ||
| 999 |
_c9250 _d9250 |
||